| 000 | 00880nam a2200229 a 4500 | ||
|---|---|---|---|
| 001 | 001182851 | ||
| 003 | AM-YeHGA | ||
| 005 | 20250617152739.0 | ||
| 008 | 161018s1978 ru r 000 0 rus d | ||
| 040 | _aAM-YeHGA | ||
| 041 | 0 | _arus | |
| 245 | 0 | 0 |
_aБиогеноценологические исследования в восточных Каракумах / _cАН Туркменской ССР; Под ред. Н.Т. Нечаевой, В.Г. Каплина. |
| 260 |
_aАшхабад : _bЫлым, _c1978. |
||
| 300 |
_a137 с. : _bил. |
||
| 653 | 0 | _aГеография - Туркменская ССР | |
| 653 | 0 | _aПочвоведение | |
| 653 | 0 | _aБотаника | |
| 700 | 1 |
_aНечаева, Н.Т. _eред. _4edt |
|
| 700 | 1 |
_aКаплина, В.Г. _eред. _4edt |
|
| 710 | 2 | _aАкадемия Наук Туркменской ССР | |
| 090 | _c378707 | ||
| 999 |
_c376797 _d376797 |
||